| 000 | 00420nam a22001697a 4500 | ||
|---|---|---|---|
| 003 | OSt | ||
| 008 | 240522b2012 |||||||| |||| 00| 0 eng d | ||
| 020 | _a9788131768624 | ||
| 082 |
_a658.7 _bSOP-L |
||
| 100 | _aSople, V. V. | ||
| 245 |
_aLogistics management / _cV. V. Sople. |
||
| 250 | _a3rd | ||
| 260 |
_aChennai : _bPearson, _c2012. |
||
| 300 | _axxi, 537 p. ; | ||
| 650 | _aBusiness logistics | ||
| 942 |
_2ddc _cBK _02 |
||
| 999 |
_c20559 _d20559 |
||